[Event "NM for klubblag 2019"]
[Site "Scandic Ambassadeur, Drammen"]
[Date "2019.05.30"]
[Round "1"]
[White "Lindmo, Arne K"]
[Black "Unneland, Mathias"]
[Result "0-1"]
[WhiteElo "1778"]
[BlackElo "2009"]
[PlyCount "90"]
[EventDate "2019.??.??"]

1. e4 e6 2. d4 d5 3. e5 c5 4. c3 Nc6 5. Nf3 Qb6 6. Qb3 cxd4 7. Qxb6 axb6 8.
cxd4 Nb4 9. Kd1 Rxa2 10. Rxa2 Nxa2 11. Bd2 Bd7 12. Nc3 Nxc3+ 13. Bxc3 Ne7 14.
Bb4 Nc6 15. Bxf8 Rxf8 16. Bd3 h6 17. Ke2 Nb4 18. Bb1 Bb5+ 19. Ke3 Kd7 20. Rc1
Ra8 21. Rc3 Nc6 22. Rb3 Bc4 23. Rc3 f6 24. Bd3 b5 25. Rc1 Ra2 26. Rb1 Nb4 27.
Ne1 Bxd3 28. Nxd3 Nc2+ 29. Kf4 Nxd4 30. exf6 gxf6 31. Nc5+ Kc6 32. b4 e5+ 33.
Ke3 Nc2+ 34. Kd3 Nxb4+ 35. Rxb4 Kxc5 36. Rh4 Rxf2 37. Rxh6 d4 38. g4 b4 39. Rh7
Kd5 40. Rd7+ Kc6 41. Rd8 b3 42. Rc8+ Kd6 43. Rd8+ Kc7 44. Rd5 Kc6 45. Kc4 Rc2+
0-1

[Event "NM for klubblag 2019"]
[Site "Scandic Ambassadeur, Drammen"]
[Date "2019.05.30"]
[Round "1"]
[White "Olsen, Rudi B."]
[Black "Gaustad, Erlend"]
[Result "0-1"]
[WhiteElo "1345"]
[BlackElo "1906"]
[PlyCount "60"]
[EventDate "2019.??.??"]

1. c4 Nf6 2. Nc3 e6 3. g3 d5 4. cxd5 exd5 5. Bg2 c6 6. d4 Be7 7. Bg5 Nbd7 8.
Nf3 O-O 9. O-O Re8 10. a3 a5 11. Na4 Ne4 12. Bxe7 Qxe7 13. Nc3 Nxc3 14. bxc3
Nb6 15. Rb1 Nc4 16. a4 Rb8 17. Re1 Bf5 18. Ra1 h6 19. Nd2 Nd6 20. e3 Qe6 21.
Qb3 b6 22. Bf1 Rec8 23. c4 Ne4 24. Nxe4 Bxe4 25. cxd5 Bxd5 26. Qc2 c5 27. Bb5
cxd4 28. Qd2 Qe4 29. Kf1 Rc2 30. Qd3 Qg2# 0-1

[Event "NM for klubblag 2019"]
[Site "Scandic Ambassadeur, Drammen"]
[Date "2019.05.30"]
[Round "1"]
[White "Hausken, Andreas Skrede"]
[Black "Kjær, Robin"]
[Result "1-0"]
[WhiteElo "1799"]
[BlackElo "1343"]
[PlyCount "71"]
[EventDate "2019.??.??"]

1. e4 e5 2. Nf3 Nc6 3. Bb5 a6 4. Ba4 b5 5. Bb3 Bc5 6. c3 Nf6 7. d3 O-O 8. O-O
d5 9. exd5 Nxd5 10. Re1 Qd6 11. Qe2 Bg4 12. Qe4 Nf6 13. Qe2 Nd5 14. h3 Bh5 15.
g4 Bg6 16. Nxe5 Rfe8 17. d4 Nxd4 18. cxd4 Bxd4 19. Qd2 Rxe5 20. Rd1 c5 21. a4
Rae8 22. Nc3 Nc7 23. h4 h6 24. h5 Be4 25. Qf4 c4 26. Nxe4 Qb4 27. Rxd4 Qxb3 28.
Rd7 c3 29. Nxc3 b4 30. Rxc7 bxc3 31. Rxc3 Qd1+ 32. Kh2 Re1 33. Qf3 R8e2 34.
Rc8+ Kh7 35. Qf5+ g6 36. Qxf7#
1-0

[Event "NM for klubblag 2019"]
[Site "Scandic Ambassadeur, Drammen"]
[Date "2019.05.30"]
[Round "1"]
[White "Unneland, Arne"]
[Black "Sjømoen, Ole-Andreas"]
[Result "1-0"]
[WhiteElo "1658"]
[BlackElo "1258"]
[PlyCount "67"]
[EventDate "2019.??.??"]

1. e4 c5 2. Nf3 e6 3. d4 d5 4. exd5 exd5 5. Bb5+ Nc6 6. O-O Nf6 7. Re1+ Be7 8.
dxc5 O-O 9. Bxc6 bxc6 10. b4 Ba6 11. Bb2 Ne4 12. Ne5 Qc7 13. Nd2 Bf6 14. Nxe4
Bxe5 15. Bxe5 Qxe5 16. Nd6 Qc3 17. a3 Bc4 18. Re3 Qf6 19. c3 a5 20. Nxc4 dxc4
21. Qf3 Qxf3 22. Rxf3 axb4 23. cxb4 Rad8 24. Kf1 Rfe8 25. Re3 Rxe3 26. fxe3 Rd3
27. Ke2 Rb3 28. Rd1 g6 29. Rd6 Rb2+ 30. Kd1 c3 31. Rxc6 Rxg2 32. Rd6 Ra2 33. c6
Rxa3 34. c7
1-0

[Event "NM for klubblag 2019"]
[Site "Scandic Ambassadeur, Drammen"]
[Date "2019.05.30"]
[Round "1"]
[White "Hall, Torstein"]
[Black "Oommen, John Samuel"]
[Result "0-1"]
[WhiteElo "1638"]
[BlackElo "1392"]
[PlyCount "100"]
[EventDate "2019.??.??"]

1. e4 c5 2. Nf3 Nc6 3. Bb5 g6 4. c3 Nf6 5. Qe2 Bg7 6. O-O O-O 7. d4 cxd4 8.
cxd4 Qb6 9. Rd1 a6 10. Ba4 d6 11. h3 Qc7 12. Nc3 b5 13. Bc2 Bb7 14. Bg5 e6 15.
Rac1 Rac8 16. Bb1 b4 17. Na4 Qa5 18. b3 Ne7 19. Bf4 Rfd8 20. Bg3 Bc6 21. Nb2
Bb5 22. Nc4 d5 23. Nxa5 Bxe2 24. Rxc8 Rxc8 25. Re1 Bxf3 26. gxf3 Nh5 27. Bd6
Nc6 28. Nxc6 Rxc6 29. Bxb4 Bxd4 30. exd5 exd5 31. Re8+ Kg7 32. Bf8+ Kf6 33.
Be7+ Ke6 34. Bg5+ Kd6 35. Be3 f6 36. Bh6 g5 37. Rd8+ Ke6 38. Bxh7 Rc1+ 39. Kh2
Be5+ 40. f4 Nxf4 41. Kg3 Rc3+ 42. f3 d4 43. Kg4 d3 44. Bf8 Kf7 45. Bb4 Rc2 46.
Bxd3 Nxd3 47. Rxd3 Kg6 48. f4 Bxf4 49. Rd7 Rf2 50. h4 f5+
0-1

[Event "NM for klubblag 2019"]
[Site "Scandic Ambassadeur, Drammen"]
[Date "2019.05.30"]
[Round "1"]
[White "Hansen, Tor Magnus"]
[Black "Utseth, Mikhail"]
[Result "0-1"]
[WhiteElo "1535"]
[BlackElo "1605"]
[PlyCount "52"]
[EventDate "2019.??.??"]

1. Nf3 d5 2. b3 e6 3. Bb2 Nc6 4. e3 f5 5. c4 Nf6 6. d4 Bd6 7. Bd3 O-O 8. O-O
Ne4 9. Ne5 Qf6 10. f4 Ne7 11. c5 Bxe5 12. fxe5 Qg6 13. Nc3 Ng5 14. Ne2 Bd7 15.
Nf4 Qf7 16. a4 Ng6 17. h4 Nxh4 18. Be2 Ne4 19. Bh5 Qe7 20. Ba3 c6 21. Qe1 Qg5
22. Kh2 Nxg2 23. Rg1 Nxe1 24. Rxg5 Nc2 25. Rxg7+ Kxg7 26. Rg1+ Kh8
0-1

[Event "NM for klubblag 2019"]
[Site "Scandic Ambassadeur, Drammen"]
[Date "2019.05.30"]
[Round "1"]
[White "Nilssen, Ståle"]
[Black "Rosendahl, Guttorm"]
[Result "1/2-1/2"]
[WhiteElo "1598"]
[BlackElo "1431"]
[PlyCount "103"]
[EventDate "2019.??.??"]

1. c4 c5 2. Nc3 Nf6 3. g3 Nc6 4. Bg2 d6 5. Nf3 e5 6. d3 g6 7. O-O Bg7 8. Bd2
O-O 9. Rb1 Bd7 10. a3 a6 11. b4 cxb4 12. axb4 Na7 13. b5 axb5 14. cxb5 h6 15.
Be3 Re8 16. Nd2 Qc7 17. Bxa7 Qxc3 18. b6 d5 19. Rc1 Qa3 20. Qb3 Qxb3 21. Nxb3
Bc6 22. Na5 Re7 23. Nxc6 bxc6 24. Rxc6 Rexa7 25. bxa7 Rxa7 26. Rfc1 e4 27. Rc8+
Kh7 28. dxe4 dxe4 29. R8c7 Ra2 30. Rxf7 Rxe2 31. Rcc7 Ne8 32. Rce7 Kg8 33. Bh3
Bf8 34. Rd7 Ng7 35. Rf6 Bc5 36. Be6+ Nxe6 37. Rxg6+ Kf8 38. Rxe6 Rxf2 39. Kh1
e3 40. Re5 e2 41. Rxe2 Rxe2 42. Rd5 Be7 43. Rd3 Kg7 44. Rd7 Kg6 45. h3 Kf5 46.
Rd4 Ke5 47. Rd7 Bc5 48. Rf7 Ke4 49. Rf4+ Ke3 50. Rf6 Re1+ 51. Kg2 Re2+ 52. Kf1
1/2-1/2

[Event "NM for klubblag 2019"]
[Site "Scandic Ambassadeur, Drammen"]
[Date "2019.05.30"]
[Round "1"]
[White "Omland, Harald"]
[Black "Hansen, PÃ¥l Andreas"]
[Result "0-1"]
[WhiteElo "1541"]
[BlackElo "2118"]
[PlyCount "90"]
[EventDate "2019.??.??"]

1. f4 Nf6 2. d3 d5 3. Nf3 g6 4. e3 Bg7 5. Be2 O-O 6. O-O c5 7. Qe1 Nc6 8. Nc3
d4 9. Nd1 Nd5 10. e4 Ndb4 11. Qd2 a5 12. a3 Na6 13. Qe1 Nc7 14. Ng5 h6 15. Nf3
f5 16. Qh4 Ne8 17. Qg3 Rf6 18. e5 Re6 19. c4 Bf8 20. Nh4 Kh7 21. Nf3 a4 22. Qh3
Kg7 23. Nh4 Na5 24. Rf3 Kh7 25. Rg3 Ng7 26. Bf3 Bd7 27. Bd5 Rb6 28. e6 Bxe6 29.
Rxg6 Bxd5 30. Rxb6 Qxb6 31. cxd5 Qf6 32. Nf3 Rd8 33. Bd2 Nb3 34. Rb1 Rxd5 35.
Be1 Ne6 36. Bg3 Bg7 37. Nf2 Kg8 38. Re1 b5 39. Qh5 Qf7 40. Qh3 c4 41. Ne5 Bxe5
42. Rxe5 c3 43. Re2 Rc5 44. bxc3 dxc3 45. Rc2 Nbd4 0-1

[Event "NM for klubblag 2019"]
[Site "Scandic Ambassadeur, Drammen"]
[Date "2019.05.30"]
[Round "1"]
[White "Hammer, Jon Ludvig"]
[Black "Grønnestad, Anita"]
[Result "1-0"]
[WhiteElo "2645"]
[BlackElo "1950"]
[PlyCount "49"]
[EventDate "2019.??.??"]

1. c4 Nf6 2. g3 e6 3. Bg2 d5 4. d4 Be7 5. Nf3 O-O 6. O-O b6 7. cxd5 exd5 8. Nc3
Bb7 9. Ne5 Nbd7 10. Qa4 Nb8 11. Rd1 a6 12. Qc2 Nbd7 13. Bf4 Rc8 14. Qb3 c6 15.
Bh3 b5 16. e4 b4 17. Nxd7 Nxd7 18. exd5 c5 19. dxc5 Nxc5 20. Qxb4 a5 21. Qd4
Re8 22. Bxc8 Qxc8 23. Re1 Qd7 24. Rad1 h6 25. Qe3
1-0

[Event "NM for klubblag 2019"]
[Site "Scandic Ambassadeur, Drammen"]
[Date "2019.05.30"]
[Round "1"]
[White "Myren, Matias"]
[Black "Agdestein, Simen"]
[Result "0-1"]
[WhiteElo "1449"]
[BlackElo "2569"]
[PlyCount "64"]
[EventDate "2019.??.??"]

1. e4 c5 2. Nc3 Nc6 3. f4 g6 4. Nf3 Bg7 5. Bb5 Nd4 6. Bc4 e6 7. e5 d6 8. Nxd4
cxd4 9. Bb5+ Bd7 10. Bxd7+ Qxd7 11. Ne4 dxe5 12. d3 f5 13. Ng5 exf4 14. Bxf4 e5
15. Qe2 O-O-O 16. Bd2 h6 17. Nh3 Nf6 18. O-O-O Rhe8 19. Ba5 b6 20. Bb4 Nd5 21.
Bd2 e4 22. dxe4 fxe4 23. Qa6+ Kb8 24. c4 dxc3 25. Bf4+ Ka8 26. b3 c2 27. Rd2
Qc6 28. Qc4 Qf6 29. Rxc2 Qa1+ 30. Kd2 Nxf4+ 31. Ke3 Rd3+ 32. Kxf4 Qe5+
0-1

[Event "NM for klubblag 2019"]
[Site "Scandic Ambassadeur, Drammen"]
[Date "2019.05.30"]
[Round "1"]
[White "Beitnes, Andreas Røberg"]
[Black "Madsen, Dag"]
[Result "0-1"]
[WhiteElo "1654"]
[BlackElo "2262"]
[PlyCount "60"]
[EventDate "2019.??.??"]

1. e4 e6 2. d4 d5 3. exd5 exd5 4. Nf3 Nc6 5. Nc3 Be7 6. Bf4 a6 7. h3 Nf6 8. Bd3
Nb4 9. O-O O-O 10. Re1 Re8 11. Ne5 Be6 12. Ne2 c5 13. c3 Nxd3 14. Qxd3 c4 15.
Qc2 Qc8 16. Ng3 b5 17. Re3 a5 18. Rae1 Ra6 19. Bg5 Ng4 20. Nxg4 Bxg5 21. Re5
Bf4 22. Rh5 h6 23. Nf5 Bxf5 24. Rxe8+ Qxe8 25. Qd1 Re6 26. a4 g5 27. b3 b4 28.
Nh2 Kg7 29. Ng4 f6 30. f3 Re1+
0-1

[Event "NM for klubblag 2019"]
[Site "Scandic Ambassadeur, Drammen"]
[Date "2019.05.30"]
[Round "1"]
[White "Bakke, Brynjar"]
[Black "Markussen, Bernt Olav"]
[Result "0-1"]
[WhiteElo "1447"]
[BlackElo "1772"]
[PlyCount "34"]
[EventDate "2019.??.??"]

1. e4 e6 2. d4 d5 3. Nd2 Nf6 4. e5 Nfd7 5. f4 c5 6. c3 Nc6 7. Ndf3 Qb6 8. Ne2
Be7 9. Ng3 cxd4 10. Nxd4 Nxd4 11. Qxd4 Bc5 12. Qd2 a5 13. a4 O-O 14. Bb5 d4 15.
Ne4 Rd8 16. b4 dxc3 17. Qxc3 Bxb4
0-1

[Event "NM for klubblag 2019"]
[Site "Scandic Ambassadeur, Drammen"]
[Date "2019.05.30"]
[Round "1"]
[White "Hanssen, Ken Runar"]
[Black "Furulund, Eirik Eikeland"]
[Result "1-0"]
[WhiteElo "1594"]
[BlackElo "1120"]
[PlyCount "63"]
[EventDate "2019.??.??"]

1. e4 e5 2. Nf3 Nc6 3. Bc4 Nf6 4. d3 h6 5. c3 Na5 6. Bb5 a6 7. Ba4 b5 8. Bc2
Nc6 9. Nbd2 Be7 10. Qe2 O-O 11. Nf1 Bb7 12. Ne3 Bc5 13. h3 Ne7 14. Nxe5 d6 15.
N5g4 Ng6 16. g3 Bb6 17. Nf5 Bc8 18. Nxg7 Kxg7 19. Bxh6+ Kg8 20. Bg5 Bxg4 21.
hxg4 Re8 22. f4 Kf8 23. O-O-O c6 24. d4 Qe7 25. Qh2 Rec8 26. e5 Ke8 27. Bxf6
Qe6 28. f5 Qxa2 29. fxg6 fxg6 30. Bxg6+ Kd7 31. Qh7+ Ke6 32. Qf7#
1-0

[Event "NM for klubblag 2019"]
[Site "Scandic Ambassadeur, Drammen"]
[Date "2019.05.30"]
[Round "1"]
[White "Mihajlov, Sebastian"]
[Black "Ugland, Torge"]
[Result "1-0"]
[WhiteElo "2360"]
[BlackElo "1592"]
[PlyCount "59"]
[EventDate "2019.??.??"]

1. d4 d5 2. c4 e6 3. Nc3 Nf6 4. Nf3 c6 5. e3 Nbd7 6. Bd3 dxc4 7. Bxc4 b5 8. Bd3
a6 9. e4 Be7 10. O-O Bb7 11. e5 Nd5 12. Nxd5 cxd5 13. Bf4 Nb6 14. g3 Nc4 15.
Qe2 g5 16. Be3 g4 17. Ne1 h5 18. b3 Nxe3 19. fxe3 Bg5 20. Ng2 Ke7 21. Rf2 Qg8
22. Raf1 Rf8 23. a4 Bc6 24. axb5 Bxb5 25. Bxb5 axb5 26. Qxb5 Rh7 27. Qb7+ Ke8
28. Qc6+ Ke7 29. Qd6+ Ke8 30. Rf6
1-0

[Event "NM for klubblag 2019"]
[Site "Scandic Ambassadeur, Drammen"]
[Date "2019.05.30"]
[Round "1"]
[White "Flo, Steinar"]
[Black "Bjugn, Gisle"]
[Result "0-1"]
[WhiteElo "1563"]
[BlackElo "1869"]
[PlyCount "80"]
[EventDate "2019.??.??"]

1. d4 d5 2. Bf4 Nf6 3. Nf3 Bf5 4. e3 e6 5. Bd3 c6 6. Bxf5 exf5 7. Nbd2 Be7 8.
O-O Nbd7 9. c4 O-O 10. Rc1 dxc4 11. Qc2 Nd5 12. Qxf5 g6 13. Qc2 Nxf4 14. exf4
b5 15. Rcd1 Nf6 16. Ne4 Nd5 17. g3 Nb4 18. Qb1 Qd5 19. a3 Nd3 20. Ned2 c5 21.
Ne5 Qxd4 22. Nxd3 Qxd3 23. Qc1 Bf6 24. Nb1 Qb3 25. Nc3 Bxc3 26. bxc3 Rad8 27.
Kg2 Rd3 28. Rxd3 cxd3 29. Rd1 Rd8 30. Rd2 Qd5+ 31. f3 c4 32. Qe1 Qd7 33. Kf1
Re8 34. Qf2 Qh3+ 35. Kg1 Qe6 36. Kf1 Qe7 37. Ra2 Qf6 38. Qxa7 Qxc3 39. Qf2 Qc1+
40. Kg2 c3 0-1

[Event "NM for klubblag 2019"]
[Site "Scandic Ambassadeur, Drammen"]
[Date "2019.05.30"]
[Round "1"]
[White "Haveland, BjÃ¸rn"]
[Black "Gaarder, Hans K."]
[Result "1-0"]
[WhiteElo "1851"]
[BlackElo "1585"]
[PlyCount "83"]
[EventDate "2019.??.??"]

1. d4 e6 2. Nf3 d5 3. e3 Nf6 4. Bd3 c5 5. b3 Qc7 6. Nbd2 Nc6 7. Bb2 Nb4 8. Be2
Be7 9. c3 Nc6 10. O-O cxd4 11. exd4 Bd7 12. Rc1 O-O 13. Bd3 Rac8 14. Qe2 Qa5
15. Bb1 Ba3 16. b4 Bxb4 17. cxb4 Nxb4 18. a3 Nc6 19. Nb3 Qd8 20. Ne5 Qe7 21.
Qd3 Rc7 22. Nc5 Bc8 23. Ng4 g6 24. Ne5 Nb8 25. Qe3 Kg7 26. Rfd1 b6 27. Ncd3 Bb7
28. Nf4 Rfc8 29. Rxc7 Rxc7 30. Nh3 Nc6 31. Ng5 Nxe5 32. Qxe5 Kg8 33. h3 Ba6 34.
Rc1 Rc4 35. Rxc4 Bxc4 36. Bc1 Nh5 37. g4 Ng7 38. Nf3 f6 39. Qb8+ Kf7 40. Qh8 h5
41. Qh7 hxg4 42. Bxg6+ 1-0

[Event "NM for klubblag 2019"]
[Site "Scandic Ambassadeur, Drammen"]
[Date "2019.05.30"]
[Round "1"]
[White "Gamback, Bjorn"]
[Black "Leonhardsen, Vebjørn Maanum"]
[Result "1-0"]
[WhiteElo "2157"]
[BlackElo "1754"]
[PlyCount "209"]
[EventDate "2019.??.??"]

1. Nf3 d5 2. c4 c6 3. e3 Nf6 4. b3 Bg4 5. Bb2 e6 6. Be2 Nbd7 7. cxd5 exd5 8.
O-O Be7 9. d3 O-O 10. Nbd2 Qb6 11. Nd4 Bxe2 12. Qxe2 Rfe8 13. N2f3 a5 14. a3
Bf8 15. Qc2 g6 16. Rab1 Bg7 17. Ba1 c5 18. Ne2 Rec8 19. Rfc1 Qd6 20. Qd2 Ng4
21. Bxg7 Kxg7 22. d4 Ngf6 23. dxc5 Rxc5 24. Rxc5 Qxc5 25. Qb2 Kg8 26. Rc1 Qd6
27. Ned4 Ne5 28. Nxe5 Qxe5 29. Qc3 Qe7 30. Qc5 Qxc5 31. Rxc5 a4 32. b4 Kf8 33.
Rc7 Ne8 34. Rxb7 Rc8 35. Kf1 Rc1+ 36. Ke2 Ra1 37. Nb5 Ra2+ 38. Kf3 Nf6 39. Nd6
Ne4 40. Nxe4 dxe4+ 41. Kxe4 Rxa3 42. Ra7 Ra1 43. b5 a3 44. b6 Rb1 45. b7 Kg7
46. Kd5 a2 47. Rxa2 Rxb7 48. g4 g5 49. f4 gxf4 50. exf4 Rb1 51. Ke5 Re1+ 52.
Kf5 h6 53. h4 Rh1 54. h5 Rh3 55. Ra5 Rh1 56. Ke4 Re1+ 57. Kf3 Rf1+ 58. Kg3 Rg1+
59. Kh3 Rf1 60. Ra4 Rf3+ 61. Kg2 Rb3 62. Re4 Rc3 63. Kf2 Rc2+ 64. Re2 Rc4 65.
Kf3 Rc3+ 66. Re3 Rc1 67. Rb3 Rf1+ 68. Kg3 Rg1+ 69. Kh3 Rf1 70. Rb4 Rf3+ 71. Kg2
Rc3 72. Re4 Ra3 73. Kf2 Rc3 74. Re3 Rc2+ 75. Kg3 Rc1 76. Rf3 Rg1+ 77. Kh3 Rh1+
78. Kg2 Ra1 79. g5 Ra2+ 80. Kh3 Ra1 81. Kg4 Ra5 82. Re3 hxg5 83. fxg5 Ra4+ 84.
Kf5 Ra5+ 85. Re5 Ra1 86. h6+ Kh7 87. Kf6 Rf1+ 88. Rf5 Ra1 89. Kxf7 Ra7+ 90. Kf6
Ra6+ 91. Ke5 Ra5+ 92. Kf4 Ra4+ 93. Kg3 Kg6 94. Rf4 Ra3+ 95. Kh4 Ra1 96. Rf6+
Kh7 97. Kh5 Rh1+ 98. Kg4 Rg1+ 99. Kf5 Rf1+ 100. Ke6 Ra1 101. Rf7+ Kg6 102. Rg7+
Kh5 103. h7 Ra6+ 104. Kd5 Ra5+ 105. Kc6
1-0

[Event "NM for klubblag 2019"]
[Site "Scandic Ambassadeur, Drammen"]
[Date "2019.05.30"]
[Round "1"]
[White "Olsen, William Alexander"]
[Black "Kolås, Tore"]
[Result "1/2-1/2"]
[WhiteElo "1744"]
[BlackElo "2120"]
[PlyCount "63"]
[EventDate "2019.??.??"]

1. Nf3 c5 2. c4 Nc6 3. d4 cxd4 4. Nxd4 g6 5. g3 Bg7 6. Nxc6 bxc6 7. Bg2 e6 8.
O-O d5 9. cxd5 cxd5 10. e4 Ne7 11. Re1 O-O 12. exd5 Nxd5 13. Nc3 Rb8 14. Nxd5
exd5 15. Qxd5 Be6 16. Qxd8 Rfxd8 17. Rb1 Bc3 18. Bg5 Bxe1 19. Bxd8 Rxd8 20.
Rxe1 Rd2 21. b4 Rxa2 22. b5 Ra5 23. Bc6 Kf8 24. Rb1 Bf5 25. Re1 Be6 26. Rb1 Bf5
27. b6 axb6 28. Rxb6 Rc5 29. h4 h5 30. Bf3 Kg7 31. Kg2 Be6 32. Rd6
1/2-1/2

[Event "NM for klubblag 2019"]
[Site "Scandic Ambassadeur, Drammen"]
[Date "2019.05.30"]
[Round "1"]
[White "Laverton, Christian"]
[Black "Jahren, Morten Skrede"]
[Result "1-0"]
[WhiteElo "2115"]
[BlackElo "1492"]
[PlyCount "71"]
[EventDate "2019.??.??"]

1. d4 d5 2. c4 c6 3. Nf3 Nf6 4. e3 e6 5. b3 Nbd7 6. Bd3 c5 7. O-O a6 8. Bb2 Bd6
9. Nbd2 Qc7 10. Rc1 b6 11. cxd5 exd5 12. e4 dxe4 13. Nxe4 Bf4 14. dxc5 bxc5 15.
Rc2 Qb6 16. Qe2 O-O 17. Nxf6+ Nxf6 18. Bxf6 Qxf6 19. Qe4 g6 20. Rxc5 Be6 21.
Nd4 Bd7 22. g3 Rfe8 23. Qxf4 Qe7 24. Rc7 Rac8 25. Rxc8 Bxc8 26. h4 Bb7 27. Rc1
Bd5 28. Bc4 Bb7 29. Nf3 Qd7 30. Ng5 Re7 31. Bxf7+ Kg7 32. Ne6+ Rxe6 33. Bxe6
Qxe6 34. Qc7+ Qf7 35. Qxf7+ Kxf7 36. Rc7+
1-0

[Event "NM for klubblag 2019"]
[Site "Scandic Ambassadeur, Drammen"]
[Date "2019.05.30"]
[Round "1"]
[White "Carlin, Tormod"]
[Black "Juriloo, Karl"]
[Result "0-1"]
[WhiteElo "1432"]
[BlackElo "1978"]
[PlyCount "118"]
[EventDate "2019.??.??"]

1. d4 Nf6 2. c4 e6 3. Nc3 d5 4. cxd5 Nxd5 5. e4 Nxc3 6. bxc3 c5 7. Bb5+ Bd7 8.
Bxd7+ Nxd7 9. Nf3 cxd4 10. cxd4 Bb4+ 11. Bd2 Qa5 12. O-O Bxd2 13. Qxd2 Qxd2 14.
Nxd2 O-O 15. Rac1 Rfc8 16. f3 Nb6 17. Kf2 Kf8 18. Ke3 Rab8 19. Kd3 Ke7 20. Nb3
Na4 21. Rf2 Rxc1 22. Nxc1 Rc8 23. Rc2 Rxc2 24. Kxc2 Kd6 25. Nd3 f6 26. Kb3 b5
27. Kb4 g5 28. a3 Kc6 29. g3 Nb6 30. Nc5 Nc4 31. Nxe6 a5+ 32. Kc3 Nxa3 33. d5+
Kd6 34. Nd4 b4+ 35. Kb2 a4 36. Nf5+ Kc5 37. d6 Nc4+ 38. Kc2 Nxd6 39. Ne3 Kd4
40. Ng4 b3+ 41. Kb2 Nc4+ 42. Kb1 Kc3 43. Nxf6 Nd2+ 44. Kc1 b2+ 45. Kd1 Kd3 46.
Ke1 b1=R+ 47. Kf2 Rf1+ 48. Kg2 a3 49. e5 Rxf3 50. Nd5 Rf5 51. Nb4+ Kc4 52. Nc2
Rxe5 53. Nxa3+ Kb3 54. Kh3 Kxa3 55. Kg4 Nf1 56. Kh3 h5 57. Kg2 Ne3+ 58. Kh3 g4+
59. Kh4 Ng2# 0-1

[Event "NM for klubblag 2019"]
[Site "Scandic Ambassadeur, Drammen"]
[Date "2019.05.30"]
[Round "1"]
[White "Hanssen, John Christian"]
[Black "Mirza, Raad"]
[Result "0-1"]
[WhiteElo "1570"]
[BlackElo "1998"]
[PlyCount "84"]
[EventDate "2019.??.??"]

1. d4 Nf6 2. c4 e6 3. Bg5 Be7 4. Nc3 c5 5. e3 Qa5 6. Qa4 Qxa4 7. Nxa4 cxd4 8.
exd4 Bb4+ 9. Nc3 Ne4 10. Bd2 Nxd2 11. Kxd2 Nc6 12. Nf3 a6 13. a3 Bd6 14. g3 b6
15. Bg2 Rb8 16. b4 Be7 17. d5 Nd8 18. Rab1 O-O 19. Ne5 f6 20. Nd3 d6 21. Bh3 e5
22. Bg2 Bd7 23. Rhe1 Rc8 24. Nb2 Nf7 25. Rbc1 f5 26. f4 g5 27. Bh3 Bf6 28. Ne4
Be7 29. Nf2 Rc7 30. Nfd3 e4 31. Nf2 Bf6 32. Nbd1 g4 33. Bf1 Bd4 34. Ne3 Bb2 35.
Rb1 Bd4 36. Nfd1 h5 37. h4 Ra8 38. Nc2 b5 39. Nce3 bxc4 40. Nxc4 Bb5 41. Na5
Rac8 42. Bxb5 Rc2#
0-1

[Event "NM for klubblag 2019"]
[Site "Scandic Ambassadeur, Drammen"]
[Date "2019.05.30"]
[Round "1"]
[White "Rukovci, Shemsi"]
[Black "Aspeland, Andreas"]
[Result "1-0"]
[WhiteElo "1914"]
[BlackElo "1554"]
[PlyCount "71"]
[EventDate "2019.??.??"]

1. e4 e5 2. Nf3 Nc6 3. Bc4 Bc5 4. d3 d6 5. c3 Nf6 6. O-O O-O 7. a4 a6 8. b4 Ba7
9. h3 b5 10. Bb3 Bb7 11. Kh2 h6 12. axb5 axb5 13. Na3 d5 14. exd5 Nxd5 15. Nxb5
Bb6 16. Rxa8 Bxa8 17. Bxd5 Qxd5 18. c4 Qd7 19. c5 Ba7 20. Qa4 Bb7 21. Nxa7 Ra8
22. b5 Nxa7 23. c6 Nxc6 24. bxc6 Bxc6 25. Qb3 Qf5 26. Ne1 h5 27. Qc4 Qd7 28.
Qc5 Qe6 29. f4 e4 30. dxe4 Qxe4 31. Qe5 Qc4 32. Rf2 Qxc1 33. Rc2 Qxc2 34. Nxc2
Ra2 35. Qc3 Bd5 36. Ne3 1-0

[Event "NM for klubblag 2019"]
[Site "Scandic Ambassadeur, Drammen"]
[Date "2019.05.30"]
[Round "1"]
[White "Andersen, Dag"]
[Black "Mantila, Hanna"]
[Result "1-0"]
[WhiteElo "1845"]
[BlackElo "1152"]
[PlyCount "47"]
[EventDate "2019.??.??"]

1. d4 d5 2. c4 Nf6 3. cxd5 Qxd5 4. Nc3 Qd7 5. e4 e6 6. Nf3 Bb4 7. Bd3 b6 8. O-O
Bb7 9. Ne5 Qd8 10. Qa4+ Nbd7 11. Nxd7 Nxd7 12. Qxb4 a5 13. Qa3 c6 14. Bf4 Qf6
15. Be3 e5 16. dxe5 Nxe5 17. Be2 b5 18. Qc5 Ng6 19. Rad1 Rd8 20. Nxb5 Rd7 21.
Rxd7 Kxd7 22. Rd1+ Kc8 23. Bg4+ Kb8 24. Qa7#
1-0

[Event "NM for klubblag 2019"]
[Site "Scandic Ambassadeur, Drammen"]
[Date "2019.05.30"]
[Round "1"]
[White "Breivik, Lars"]
[Black "Eriksen, Tom"]
[Result "1-0"]
[WhiteElo "2165"]
[BlackElo "1678"]
[PlyCount "59"]
[EventDate "2019.??.??"]

1. c4 c6 2. g3 Nf6 3. Bg2 g6 4. b3 Bg7 5. Bb2 O-O 6. Nf3 Na6 7. O-O Nc7 8. d3
d5 9. Nbd2 Re8 10. Qc2 Bg4 11. h3 Bxf3 12. Nxf3 Rc8 13. Rad1 e6 14. e4 Qe7 15.
e5 Nd7 16. Rfe1 Red8 17. Qc1 Bf8 18. h4 h6 19. d4 Kh7 20. Bf1 Qe8 21. Bd3 Bb4
22. Re2 Be7 23. h5 Nf8 24. Kg2 dxc4 25. bxc4 b5 26. Rh1 bxc4 27. hxg6+ Nxg6 28.
Qxh6+ Kg8 29. Bxg6 fxg6 30. Qh8+
1-0

[Event "NM for klubblag 2019"]
[Site "Scandic Ambassadeur, Drammen"]
[Date "2019.05.30"]
[Round "1"]
[White "Sekkingstad, Thomas"]
[Black "Hjelmås, Lars"]
[Result "0-1"]
[WhiteElo "1795"]
[BlackElo "2251"]
[PlyCount "82"]
[EventDate "2019.??.??"]

1. d4 e6 2. c4 b6 3. Nc3 Bb7 4. Nf3 Bb4 5. Qc2 f5 6. a3 Bxc3+ 7. Qxc3 Nf6 8. e3
O-O 9. Be2 Ne4 10. Qc2 a5 11. b3 d6 12. Bb2 Nd7 13. Rc1 Ng5 14. b4 Bxf3 15.
Bxf3 Nxf3+ 16. gxf3 axb4 17. axb4 Ra2 18. Qc3 Qa8 19. Ke2 Qa6 20. Ra1 Rxb2+ 21.
Qxb2 Qxc4+ 22. Kd2 Qd5 23. Ke2 Qb5+ 24. Kd2 c5 25. dxc5 dxc5 26. Rhg1 g6 27.
Rgb1 c4 28. Qc3 Ne5 29. f4 Qd5+ 30. Ke1 Qh1+ 31. Ke2 Qf3+ 32. Kf1 Nd3 33. Qc2
Qh1+ 34. Ke2 Qe4 35. Kf1 b5 36. Ra7 Qh1+ 37. Ke2 Qg2 38. Qc3 e5 39. Rf1 Rd8 40.
fxe5 Qg4+ 41. Kd2 Ne1+
0-1

[Event "NM for klubblag 2019"]
[Site "Scandic Ambassadeur, Drammen"]
[Date "2019.05.30"]
[Round "1"]
[White "Ludvigsen, Frode"]
[Black "Frimanslund, Berge"]
[Result "1-0"]
[WhiteElo "2064"]
[BlackElo "1510"]
[PlyCount "31"]
[EventDate "2019.??.??"]

1. d4 d5 2. c4 e5 3. dxe5 d4 4. Nf3 Bb4+ 5. Nbd2 c5 6. a3 Qa5 7. g3 Ne7 8. Bg2
Nd7 9. O-O Bxd2 10. Bxd2 Qc7 11. Bf4 Ng6 12. e6 Nde5 13. exf7+ Kxf7 14. Nxe5+
Nxe5 15. e3 Rd8 16. Qh5+
1-0

[Event "NM for klubblag 2019"]
[Site "Scandic Ambassadeur, Drammen"]
[Date "2019.05.30"]
[Round "1"]
[White "Sneltvedt, Tommy"]
[Black "Johansen, Arnstein"]
[Result "1/2-1/2"]
[WhiteElo "1573"]
[BlackElo "1740"]
[PlyCount "99"]
[EventDate "2019.??.??"]

1. d4 Nf6 2. c4 e6 3. Nf3 b6 4. Nc3 Bb4 5. e3 Bb7 6. Be2 Ne4 7. Bd2 Bxc3 8.
Bxc3 O-O 9. O-O d5 10. cxd5 exd5 11. Rc1 Nd7 12. b4 Qe7 13. b5 Rac8 14. Qa4 c5
15. bxc6 Bxc6 16. Bb4 Bxa4 17. Bxe7 Rfe8 18. Ba3 b5 19. Bb4 h6 20. Nd2 Ndf6 21.
Nxe4 Nxe4 22. Bd3 Nf6 23. Bf5 Rc4 24. Bc5 Ne4 25. Bxe4 Rxe4 26. Bxa7 f5 27. Bb8
g5 28. Be5 f4 29. Rxc4 bxc4 30. Re1 c3 31. g3 fxg3 32. fxg3 c2 33. Kf2 Kf7 34.
Ke2 Ke6 35. Kd2 Kd7 36. Rf1 Kc6 37. Rf6+ Kb5 38. Rxh6 Rxe3 39. Rh8 Rf3 40. Rb8+
Kc6 41. Rc8+ Kb7 42. Rc7+ Kb6 43. h4 gxh4 44. gxh4 Rh3 45. Rxc2 Bxc2 46. Kxc2
Rxh4 47. Kb3 Rh7 48. Kb4 Ra7 49. a3 Kc6 50. a4
1/2-1/2

[Event "NM for klubblag 2019"]
[Site "Scandic Ambassadeur, Drammen"]
[Date "2019.05.30"]
[Round "1"]
[White "Fuglestein, Sander"]
[Black "Eiding, Amanda Mai Irgens"]
[Result "1-0"]
[WhiteElo "2023"]
[BlackElo "1626"]
[PlyCount "78"]
[EventDate "2019.??.??"]

1. d4 d5 2. c4 c6 3. Nf3 Nf6 4. Nc3 e6 5. e3 Nbd7 6. Qc2 Be7 7. b3 O-O 8. Be2
c5 9. cxd5 exd5 10. O-O b6 11. Rd1 Bb7 12. Bb2 Rc8 13. Rac1 Rc7 14. Nb5 Rc8 15.
Nxa7 Ra8 16. dxc5 bxc5 17. Bxf6 Rxa7 18. Bxe7 Qxe7 19. a4 Bc6 20. Bb5 Bxb5 21.
axb5 Rb7 22. Rxd5 Rxb5 23. Qd3 Rb7 24. Ng5 g6 25. Ne4 Rfb8 26. Nd2 Qe6 27. Rd6
Qe7 28. h3 Kg7 29. Qc3+ Kg8 30. Qd3 Kg7 31. f4 Re8 32. e4 Kg8 33. e5 Kg7 34.
Ne4 Reb8 35. Qd5 Kf8 36. Ra1 Ke8 37. e6 Nb6 38. Qe5 c4 39. Qh8+ Qf8
1-0